| 000 | 00510nam a22001817a 4500 | ||
|---|---|---|---|
| 001 | 32512 | ||
| 003 | AR-RoBPED | ||
| 005 | 20260413123841.0 | ||
| 008 | 260407s2022 es a|||ar|||| 000 0 spa d | ||
| 040 | _aAR-RoBPED | ||
| 041 | _aspa | ||
| 245 |
_aVamos a la naturaleza : _bbusca y encuentra. |
||
| 260 |
_aOyarzún : _bSaldaña, _c2022. |
||
| 300 | _bil. | ||
| 650 | 4 |
_aESTACIONES DEL AÑO _910163 |
|
| 942 |
_2udc _ak. 32512 _cBK _h613.13 _kI _mV 24 _nInv. 42369 |
||
| 945 | _amev 07/04/2026 - cd 13/04/2026 | ||
| 999 |
_c32512 _d32512 |
||